| 000 | 01042nam0a22002531 4500 | ||
|---|---|---|---|
| 001 | rc\4725239 | ||
| 005 | 20250612012855.0 | ||
| 035 | _a(NLR Aleph) 008444433 | ||
| 090 |
_a9499034 _c9499034 |
||
| 100 | _a20130416d1965 |||y0rusy50 ca | ||
| 101 | 0 | _arus | |
| 102 | _aRU | ||
| 105 | _ab z ||||| | ||
| 200 | 1 |
_aМатериалы в помощь лектору на тему: "Подвиг Москвы" _eВ связи с присвоением Москве почетного звания "Город-Герой" _fПодготовил Л.С. Сквирский _gМоск. гор. организация о-ва "Знание" РСФСР |
|
| 210 |
_aМосква _cБ. и. _d1965 |
||
| 215 |
_a63 с., 2 л. карт. _d24 |
||
| 300 | _aОтпеч. множит. аппаратом | ||
| 333 | _aДля служебного пользования | ||
| 700 | 1 |
_aСквирский _bЛ.С. _gЛев Соломонович |
|
| 801 | 0 |
_aRU _bNLR _gpsbo |
|
| 801 | 1 |
_aRU _bELAR _2rusmarc |
|
| 852 |
_aNLR _j65-7/1781 |
||
| 942 | _cBOOK | ||
| 980 | _aNB | ||